Собрание сочинений. Т. 13: Крик дельфина (Запись № 13507713)

Подробности
000 -МАРКЕР
контрольное поле 01632nam2a2200265 4500
001 - ИДЕНТИФИКАТОР ЗАПИСИ
контрольное поле RU\NLR\BIBL_A\022690399
005 - ИДЕНТИФИКАТОР ВЕРСИИ
контрольное поле 20260113114532.0
010 ## - МЕЖДУНАРОДНЫЙ СТАНДАРТНЫЙ НОМЕР КНИГИ (ISBN)
Номер (ISBN) 978-5-6053480-2-3
Уточнения т. 13
Тираж 500
021 ## - НОМЕР ГОСУДАРСТВЕННОЙ РЕГИСТРАЦИИ
Код страны Российская Федерация
Номер КН-П-25-062341
Номер Листа государственной регистраци КН-П-25-6026
035 ## - ДРУГИЕ СИСТЕМНЫЕ НОМЕРА
Идентификатор записи (NLR Aleph) 022690399
100 ## - ДАННЫЕ ОБЩЕЙ ОБРАБОТКИ
Данные общей обработки 20251218d2025 u y0rusy50 ca
101 0# - ЯЗЫК РЕСУРСА
Язык текста, звукозаписи и т.д. русский
102 ## - СТРАНА ПУБЛИКАЦИИ ИЛИ ПРОИЗВОДСТВА
Страна публикации Российская Федерация
105 ## - ПОЛЕ КОДИРОВАННЫХ ДАННЫХ: ТЕКСТОВЫЕ МАТЕРИАЛЫ, МОНОГРАФИЧЕСКИЕ
Кодированные данные о монографическом текстовом документе ac z 000zy
200 1# - ЗАГЛАВИЕ И СВЕДЕНИЯ ОБ ОТВЕТСТВЕННОСТИ
Основное заглавие Крик дельфина
Сведения, относящиеся к заглавию роман, повести, очерки, дневники, исторические миниатюры
Первые сведения об ответственности идея издания Д. А. Глазунова
Последующие сведения об ответственности портрет автора работы художника А. Г. Потехина
-- использованы работы художника И. В. Глазуновой
210 ## - ПУБЛИКАЦИЯ, РАСПРОСТРАНЕНИЕ И ДР.
Дата издания, распространения и т.д. 2025
215 ## - ФИЗИЧЕСКАЯ ХАРАКТЕРИСТИКА
Специфическое обозначение материала и объем 599 с.
Другие сведения о физической характеристике ил., портр.
461 #0 - УРОВЕНЬ НАБОРА
Встроенное поле 001RU\NLR\BIBL_A\012407462
-- 2001#$aСобрание сочинений$e[в 11 томах]$fН. А. Черкашин$g[главный редактор: П. Жарская$gхудожники: К. А. Ермоленко, И. В. Глазунова]$vТ. 13
-- 700#1$aЧеркашин$bН. А.$f1946-$gНиколай Андреевич$3RU\NLR\AUTH\77120216
Системный номер (АБИС) связанной записи 11758100
Автор Черкашин, Н. А. (1946-)
Место публикации Санкт-Петербург
Дата публикации 2020–
Первые сведения об ответственности Н. А. Черкашин
Имя издателя, распространителя и т.д. Дескрипта
Сведения, относящиеся к заглавию [в 11 томах]
Заглавие Собрание сочинений
ISBN 978-5-6044590-1-0
Номер тома Т. 13
702 #1 - ИМЯ ЛИЦА - ВТОРИЧНАЯ ОТВЕТСТВЕННОСТЬ
Начальный элемент ввода Глазунов
Часть имени, кроме начального элемента ввода Д. А.
Код отношения Автор идеи, слогана
702 #1 - ИМЯ ЛИЦА - ВТОРИЧНАЯ ОТВЕТСТВЕННОСТЬ
Начальный элемент ввода Потехин
Часть имени, кроме начального элемента ввода А. Г.
Код отношения Карикатурист, Художник
942 ## - ДОПОЛНИТЕЛЬНЫЕ ЭЛЕМЕНТЫ ЗАПИСИ (АБИС)
Тип экземпляра АБИС Книга
980 ## - КОЛЛЕКЦИЯ
Название коллекции Национальная библиография

Нет доступных экземпляров.